| 000 | 00681nam a2200181 i 4500 | ||
|---|---|---|---|
| 001 | 49659 | ||
| 003 | ES-MaACL | ||
| 005 | 20230906162035.0 | ||
| 007 | t| | ||
| 008 | 030721s1929 sp ||||1| spa d | ||
| 100 | 1 |
_aCots y Gorchs, Jaime. _941184 |
|
| 245 | 1 | 0 |
_aEstudio y transcripción según los mm. ss. más antiguos del siglo XV _b: (contribución al estudio del derecho consuetudinario foral de Cataluña) / _cJaime Cots y Gorchs. |
| 260 |
_aBarcelona : _b[s.n.], _c1929 ( _fCasulleras) |
||
| 300 |
_a204 p. ; _c21 cm. |
||
| 500 | _aPrecede al tít.: Consuetudines Diocesis Gerundensis. | ||
| 710 | 2 |
_aConsuetudines Diocesis Gerundensis. _93262 |
|
| 852 |
_aES-MaACL _jF-14037 |
||
| 999 |
_c49659 _d49659 |
||